[Event "Rio de Janeiro op 3rd"]
[Site "Rio de Janeiro"]
[Date "2024.04.26"]
[Round "7"]
[White "De Miranda, Eduardo Rodrigues C"]
[Black "Rodrigues Jr, Robson Nunes"]
[Result "1-0"]
[WhiteElo "1810"]
[BlackElo "1800"]
[PlyCount "65"]
[EventDate "2024.04.22"]
[EventType "swiss"]
[EventRounds "9"]
[EventCountry "BRA"]
[SourceTitle "CB18_2024"]
[SourceDate "2024.05.01"]
[SourceVersion "1"]
[SourceVersionDate "2024.05.01"]
[SourceQuality "2"]

1. e4 e6 2. d3 d5 3. Nd2 Nf6 4. Ngf3 c5 5. g3 b6 6. Bg2 dxe4 7. Ng5 Bb7 8. Ngxe4 Nxe4 9. Nxe4 Nc6 10. 0-0 Be7 11. h4 Qc7 12. Re1 0-0-0 13. a4 h6 14. Bf4 e5 15. Bd2 f5 16. Nc3 a6 17. Nd5 Rxd5 18. Bxd5 Nd4 19. Bg2 g5 20. c3 Bxg2 21. Kxg2 Qb7+ 22. f3 Nc6 23. hxg5 hxg5 24. Rh1 Rf8 25. Rh7 g4 26. Bg5 e4 27. fxe4 fxe4 28. Qxg4+ Kd8 29. Qxe4 Qd7 30. Bxe7+ Nxe7 31. Qa8+ Kc7 32. Qxf8 Qd5+ 33. Qf3 1-0

[Event "Rio de Janeiro op 3rd"]
[Site "Rio de Janeiro"]
[Date "2024.04.25"]
[Round "6"]
[White "Rodrigues Jr, Robson Nunes"]
[Black "De Souza Monteiro, Marcos Paulo"]
[Result "0-1"]
[WhiteElo "1800"]
[BlackElo "1893"]
[PlyCount "76"]
[EventDate "2024.04.22"]
[EventType "swiss"]
[EventRounds "9"]
[EventCountry "BRA"]
[SourceTitle "CB18_2024"]
[SourceDate "2024.05.01"]
[SourceVersion "1"]
[SourceVersionDate "2024.05.01"]
[SourceQuality "2"]

1. Nf3 c5 2. e3 d5 3. b3 Bg4 4. Bb2 e6 5. h3 Bh5 6. g4 Bg6 7. Ne5 Nc6 8. Bb5 Nge7 9. d3 Qa5+ 10. Nc3 f6 11. Nxg6 Nxg6 12. Bxc6+ bxc6 13. Qd2 Ne5 14. Ke2 Be7 15. f4 Nd7 16. Ne4 Qa6 17. Ng3 0-0 18. c4 Rfd8 19. Qc2 Rab8 20. h4 Nb6 21. g5 f5 22. Be5 Rb7 23. Qc3 d4 24. Qb2 Bf8 25. e4 Na4 26. Qc2 Nc3+ 27. Kf3 fxe4+ 28. Nxe4 Nxe4 29. Kxe4 Rf7 30. g6 Rf5 31. gxh7+ Kxh7 32. Qg2 Qb7 33. Rag1 Qf7 34. h5 Rxe5+ 35. Kf3 Re3+ 36. Kg4 Qf5+ 37. Kh4 Qxf4+ 38. Qg4 Be7# 0-1